书目信息 |
| 题名: |
公民常识教育研究报告
|
|
| 作者: | 秦树理 , 严加生 主编 | |
| 分册: | 初中卷 | |
| 出版信息: | 郑州 郑州大学出版社 2013 |
|
| 页数: | 209页 | |
| 开本: | 24cm | |
| 丛书名: | 公民教育文库 | |
| 单 册: | ||
| 中图分类: | D648.3 , G631.6 | |
| 科图分类: | ||
| 主题词: | 公民教育--研究报告--中国 , 初中生--公民教育--研究报告--中国 , 公民教育 , 初中生 | |
| 电子资源: | ||
| ISBN: | 978-7-5645-1424-2 | |
| 000 | 01065nam0 2200325 450 | |
| 001 | 012015000083 | |
| 005 | 20151210153510.20 | |
| 010 | @a978-7-5645-1424-2@dCNY29.00 | |
| 100 | @a20140429d2013 em y0chiy50 ea | |
| 101 | 0 | @achi |
| 102 | @aCN@b410000 | |
| 105 | @ay z 000yy | |
| 106 | @ar | |
| 200 | 1 | @a公民常识教育研究报告@Agong min chang shi jiao yu yan jiu bao gao@i初中卷@f公民教育实践研究项目组编著 |
| 210 | @a郑州@c郑州大学出版社@d2013 | |
| 215 | @a209页@d24cm | |
| 225 | 2 | @a公民教育文库 |
| 314 | @a主编:秦树理、严加生 | |
| 330 | @a本书是信阳市平桥区辖区内初中学生的公民意识状况调查结果及其分析整理,内容涉及公民认知、公民权利、公民义务、公民行为等方面。 | |
| 410 | 0 | @12001 @a公民教育文库 |
| 606 | 0 | @a公民教育@x研究报告@y中国 |
| 606 | 0 | @a初中生@x公民教育@x研究报告@y中国 |
| 606 | 0 | @a公民教育 |
| 606 | 0 | @a初中生 |
| 690 | @aD648.3@v5 | |
| 690 | @aG631.6@v5 | |
| 701 | 0 | @a秦树理@Aqin shu li@f(1953.7~)@4主编 |
| 701 | 0 | @a严加生@Ayan jia sheng@4主编 |
| 801 | 0 | @aCN@b碧洲教育@c20151129 |
| 905 | @a10447@f3@dD648.3@e172 | |
| 公民常识教育研究报告.初中卷/公民教育实践研究项目组编著.-郑州:郑州大学出版社,2013 |
| 209页;24cm.-(公民教育文库) |
| ISBN 978-7-5645-1424-2:CNY29.00 |
| 本书是信阳市平桥区辖区内初中学生的公民意识状况调查结果及其分析整理,内容涉及公民认知、公民权利、公民义务、公民行为等方面。 |
| ● |
| 相关链接 |
|
|
|
|
正题名:公民常识教育研究报告
索取号:D648.3/172
 
预约/预借
| 序号 | 登录号 | 条形码 | 馆藏地/架位号 | 状态 | 备注 |
| 1 | 0872196 | 208721962 | 第一样本阅览室/ [索取号:D648.3/172] | 在馆 | |
| 2 | 0872197 | 208721971 | 教育系资料室/ [索取号:D648.3/172] | 在馆 | |
| 3 | 0872198 | 208721980 | 教育系资料室/ [索取号:D648.3/172] | 在馆 |